|
|
|
|
| LEADER |
00000nam a2200000 i 4500 |
| 001 |
in00000000419 |
| 005 |
20251126061328.3 |
| 002 |
513078 |
| 008 |
020513s2001 unr l000 0yukr d |
| 020 |
|
|
|a 9667035433
|c 67.50 грн.
|
| 035 |
|
|
|a ( UA-KiNSAL)513078
|
| 040 |
|
|
|a UA-KiNSAL
|b ukr
|c UA-KiNSAL
|
| 080 |
|
|
|a 657(075.8)
|
| 090 |
|
|
|a 657(075.8)
|
| 100 |
1 |
|
|a Голов, С.Ф.
|q (Сергій Федорович),
|e автор.
|
| 245 |
1 |
0 |
|a Бухгалтерський облік за міжнародними стандартами : приклади та коментарі :
|b Практ. посіб. для бухгалтерів та аудиторів АТ та учасн. фонд. ринку /
|c С.Ф. Голов, В.М. Костюченко
|
| 260 |
|
|
|a К. :
|b Лібра,
|c 2001
|
| 300 |
|
|
|a 839 с.
|
| 504 |
|
|
|a Бібліогр.: с. 836
|
| 530 |
|
|
|a Original record
|u https://kubg.libs.net.ua/kubg_recs/0000002226.txt
|
| 650 |
0 |
4 |
|a Бухгалтерський облік
|x Підручники, посібники
|
| 700 |
1 |
|
|a Костюченко, В.М.
|q Валентина Миколаївна
|e автор
|
| 942 |
|
|
|2 UDC
|c BK
|
| 952 |
|
|
|a XP
|b книга
|d ХР
|z 20020513
|i 513078
|j 513078
|o 657(075.8)
|a 1996/25
|g 67.50
|c 1
|
| 920 |
|
|
|a PAZK
|
| 961 |
|
|
|a 691
|
| 991 |
0 |
0 |
|a 513078
|
| 997 |
|
|
|a 0000002226
|
| 998 |
|
|
|a 2226
|
| 999 |
f |
f |
|i 41eb024c-f25f-4f6d-a369-33659af1fbca
|s 90acb888-a1e5-456e-b27f-2036a8481e4f
|t 0
|
| 952 |
f |
f |
|p Може видаватися
|a Національна наукова сільськогосподарська бібліотека
|b Центральна будівля
|c ННСБ всі підрозділи
|d Відділ зберігання
|t 0
|e 513078
|i книга
|n 1
|